The Value of adventure : (Record no. 102846)
[ view plain ]
| 000 -LEADER | |
|---|---|
| fixed length control field | 00893nam a2200229 a 4500 |
| 005 - DATE AND TIME OF LATEST TRANSACTION | |
| control field | 20140412111244.0 |
| 008 - FIXED-LENGTH DATA ELEMENTS--GENERAL INFORMATION | |
| fixed length control field | 001110s19uu xx 00 eng d |
| 020 ## - INTERNATIONAL STANDARD BOOK NUMBER | |
| International Standard Book Number | 0-916392-59-7 |
| 050 ## - LIBRARY OF CONGRESS CALL NUMBER | |
| Classification number | REF 303.3 |
| Item number | J63 1980 |
| 100 ## - MAIN ENTRY--PERSONAL NAME | |
| Personal name | Johnson, Ann Donegan |
| 245 ## - TITLE STATEMENT | |
| Title | The Value of adventure : |
| Remainder of title | the story of Sacagawea / |
| Statement of responsibility, etc | Ann Donegan Johnson ; illustrated by Steve Pileggi. |
| 260 ## - PUBLICATION, DISTRIBUTION, ETC. (IMPRINT) | |
| Place of publication, distribution, etc | La Jolla, CA : |
| Name of publisher, distributor, etc | Value Comm., Inc Pub, |
| Date of publication, distribution, etc | 1980. |
| 300 ## - PHYSICAL DESCRIPTION | |
| Extent | 63 p. ; col. ; ill. |
| 440 ## - SERIES STATEMENT/ADDED ENTRY--TITLE | |
| Title | A Value Tale Series |
| 520 ## - SUMMARY, ETC. | |
| Summary, etc | A brief biography emphasizing the value of adventures in the life of Shoshoni Indian woman who acted as guide for Lewis and Clark expedition. |
| 650 ## - SUBJECT ADDED ENTRY--TOPICAL TERM | |
| Topical term or geographic name as entry element | Sacagawea, 1786-1884 |
| 650 ## - SUBJECT ADDED ENTRY--TOPICAL TERM | |
| Topical term or geographic name as entry element | Shoshoni Indians--Biography |
| 650 ## - SUBJECT ADDED ENTRY--TOPICAL TERM | |
| Topical term or geographic name as entry element | Indians of North America--Biography |
| 650 ## - SUBJECT ADDED ENTRY--TOPICAL TERM | |
| Topical term or geographic name as entry element | Adventure and adventurers |
| 650 ## - SUBJECT ADDED ENTRY--TOPICAL TERM | |
| Topical term or geographic name as entry element | Lewis and Clark Expedition |
| Withdrawn status | Lost status | Damaged status | Home library | Current library | Shelving location | Date acquired | Source of acquisition | Total Checkouts | Full call number | Barcode | Date last seen | Price effective from | Koha item type |
|---|---|---|---|---|---|---|---|---|---|---|---|---|---|
| Elizalde Library | Elizalde Library | Reference Section | 11/10/2000 | REF 303.3 J63 1980 | E2994 | 04/12/2014 | 04/12/2014 | Books |